Fälcher Händler und Experten; das zwielichtige Abenteuer der Kunstfälschungen.
Saved in:
| Main Author: | |
|---|---|
| Format: | Book |
| Language: | German |
| Published: |
München,
Ehrenwirth
[1959]
|
| Subjects: | |
| Tags: |
Add Tag
No Tags, Be the first to tag this record!
|
| LEADER | 00736nam a2200229I 4500 | ||
|---|---|---|---|
| 001 | 005449726-4 | ||
| 005 | 20020606163548.3 | ||
| 008 | 850425s1959 gw a b 000 0 ger | ||
| 010 | |a 60021582 /L | ||
| 035 | 0 | |a ocm11959648 | |
| 040 | |a DLC |c CDS |d HFL | ||
| 050 | 0 | |a N8790 |b .S33 | |
| 082 | |a 708.054 | ||
| 100 | 1 | |a Schüller, Sepp. | |
| 245 | 1 | 0 | |a Fälcher Händler und Experten; |b das zwielichtige Abenteuer der Kunstfälschungen. |
| 260 | |a München, |b Ehrenwirth |c [1959] | ||
| 300 | |a 288 p. |b illus. |c 25 cm. | ||
| 504 | |a Includes bibliography. | ||
| 650 | 0 | |a Art |x Forgeries. | |
| 776 | 0 | 8 | |i Online version: |a Schüller, Sepp. |t Fälcher Händler und Experten. |d München, Ehrenwirth [1959] |w (OCoLC)894413809 |
| 988 | |a 20020608 | ||
| 906 | |0 DLC | ||


